| 000 | 00458nam a2200181Ia 4500 | ||
|---|---|---|---|
| 005 | 20250423095010.0 | ||
| 008 | 250422s9999 xx 000 0 und d | ||
| 020 | _a9781931082013 | ||
| 050 | _aPS 3531.O936 A6/ | ||
| 100 | _aPowell, Dawn | ||
| 245 | 0 | _aDawn Powell Novels 1930-1942 | |
| 260 | _aNew York | ||
| 260 | _bThe Library of America | ||
| 260 | _c2001 | ||
| 300 | _a1068 p | ||
| 650 | _aNew York (N.Y.)--Fiction. Ohio--Fiction. | ||
| 942 | _cBK | ||
| 999 |
_c28927 _d28927 |
||